Perspectiva de Jaime Eyzaguirre

Kaydedildi:
Detaylı Bibliyografya
Asıl Yazarlar: Gazmuri Riveros, Cristián (autor), Aylwin Oyarzún, Mariana (Yazar), González Ransanz, Juan Carlos (Yazar)
Materyal Türü: Kitap
Dil:İspanyolca
Baskı/Yayın Bilgisi: Santiago Aconcagua 1977
Seri Bilgileri:Lautaro
Konular:
Etiketler: Etiketle
Etiket eklenmemiş, İlk siz ekleyin!

MARC

LEADER 00000cam a2200000 a 4500
001 UCP8331
003 CL-VaPUC
005 20250227161802.0
008 000114e19770000CL |||||||||||||||||spa|d
999 |c 285263  |d 285261 
040 |c Pontificia Universidad Católica de Valparaíso 
082 0 4 |a Ch864  |b GAZ  |2 21 
100 |a Gazmuri Riveros, Cristián  |e autor  |9 617185 
245 1 0 |a Perspectiva de Jaime Eyzaguirre 
260 |a Santiago  |b Aconcagua  |c 1977 
300 |a 214 p 
490 0 |a Lautaro 
583 |a last modification  |c 20150603 12:48:58  |k Rodrigo Vera 
600 |a Eyzaguirre Gutiérrez, Jaime  |d 1908-1968  |9 882748 
650 0 |a Biografías  |9 255210 
650 0 |a Historiadores  |9 314498 
650 0 |a Pensamiento  |9 307612 
650 0 |a Vida y obra  |9 311871 
651 7 |a CHILE  |2 CL-VaPUC  |9 438252 
700 0 |a Aylwin Oyarzún, Mariana  |e author  |9 438250 
700 |a González Ransanz, Juan Carlos  |e author  |9 438251 
942 |c BK  |2 ddc 
945 |d 20000114 00:00:00  |a rherrera 
952 |0 0  |1 0  |4 0  |6 CH_864_000000000000000_GAZ_1977  |7 0  |8 A  |9 329728  |a BIBHIS  |b BIBHIS  |d 2019-11-20  |i 1375628  |o Ch864 GAZ 1977  |p 1375628  |r 2025-01-20  |w 2019-11-20  |y BK  |k HIS 
952 |0 0  |1 0  |4 0  |6 CH_864_000000000000000_GAZ_1977  |7 0  |8 A  |9 329729  |a BIBHIS  |b BIBHIS  |d 2019-11-20  |i 1375636  |o Ch864 GAZ 1977  |p 1375636  |r 2025-01-20  |w 2019-11-20  |y BK  |k HIS 
952 |0 0  |1 0  |3 erb  |4 0  |6 CH_864_000000000000000_GAZ_1977  |7 0  |8 A  |9 329730  |a BIBHIS  |b BIBHIS  |i 5161916  |o Ch864 GAZ 1977  |p 5161916  |r 2025-01-20  |w 2019-11-20  |y BK  |z Catalogado en:20150605  |k HIS 
952 |0 0  |1 0  |3 erb  |4 0  |6 CH_864_000000000000000_GAZ_1977  |7 0  |8 A  |9 329731  |a FDOHBE  |b FDOHBE  |e Huesbe Llanos, Marco Antonio, 1934-  |i 5310318  |o Ch864 GAZ 1977  |p 5310318  |r 2024-01-30  |w 2019-11-20  |y BK  |z Catalogado en:20160616  |k HBE